| 000 | 00673nam a2200193 i 4500 | ||
|---|---|---|---|
| 001 | 42014 | ||
| 003 | ES-MaACL | ||
| 005 | 20231229063014.0 | ||
| 007 | t| | ||
| 008 | 030312s1959 it ||||1| ita d | ||
| 100 | 1 |
_aCastán Tobeñas, José, _d1889-1969 _936392 |
|
| 245 | 1 | 0 |
_aProspettive filosofiche giuridiche del pensiero contemporaneo / _cJosé Castán Tobeñas. |
| 260 |
_aMilano : _bUniversita Cattolica del Sacro Cuore, _c1959. |
||
| 300 |
_a3 p. ; _c24 cm. |
||
| 500 | _aEs tirada aparte de JUS dicembre 1959, p. 445-450. | ||
| 710 | 2 |
_aUniversitá Cattolica del Sacro Cuore (Milán) _9194418 |
|
| 852 |
_aES-MaACL _j2068-F-27 _bR.69523 |
||
| 999 |
_c42014 _d42014 |
||